|
|
|
|
| LEADER |
02904nkm a2200517 a 4500 |
| 001 |
mzk03001047835 |
| 003 |
CZ BrMZK |
| 005 |
20100908105622.0 |
| 007 |
kj bo| |
| 008 |
070403q17011750ne ||| f || k|latod |
| 034 |
0 |
|
|a a
|d E0045500
|e E0045500
|f N0522100
|g N0522100
|
| 040 |
|
|
|a BOA001
|b cze
|
| 041 |
0 |
|
|a lat
|a dut
|
| 043 |
|
|
|a e-ne---
|
| 072 |
|
7 |
|a 72
|x Architektura
|2 Konspekt
|9 21
|
| 072 |
|
7 |
|a 76
|x Grafické umění. Grafika
|2 Konspekt
|9 21
|
| 080 |
|
|
|a (0.026.6)76
|2 MRF
|
| 080 |
|
|
|a (492)
|2 MRF
|
| 080 |
|
|
|a 721:904
|2 MRF
|
| 080 |
|
|
|a 912.43:069.5
|2 MRF
|
| 100 |
1 |
|
|a Ottens, Reinier,
|d 1698-1750
|7 mzk2010586901
|4 aut
|
| 245 |
1 |
0 |
|a Forum Amstelodamense, den Dam, Vulgo vocant
|h [grafika] :
|b Afbeeldinge van den Dam, 't Nieuw Stad-Huys, de Waagh, Nieuwe Kerck, en Tooren & t'Amsterdam. Veni Spectator, pasce oculos in hâc brevi Tabellâ, animoque perambula Forum Amstelodamense, Civium, Incolarum Exterarumq; gentium frequentiâ mirabile: Considera Hospes peregrine Curiam, opus vastum, et elegantissima Symetria stupendum, an habeat Europa parem: hic Themidis Sacrum, Secretiq; urbis reconditorium est: En Templum novum Illustri cum Turre sub nomine S. Catharinae Pietati Religioniq; dicatum : Deniq; Libram, in quâ quidquid habet Oriens, et utrumq; Limen Oceani mittit quotidie appenditur, tantaq; Mercium abondantiâ stipatur, ut Totius Orbis opes in hanc urbem Confluxisse videantur /
|c R. & J. Ottens Exc.
|
| 246 |
3 |
1 |
|a Afbeeldinge van den Dam, 't Nieuw Stad-Huys, de Waagh, Nieuwe Kerck, en Tooren & t'Amsterdam
|h [grafika]
|
| 255 |
|
|
|a Měřítko neuvedeno
|c (004°55´00" v.d.--004°55´00" v.d./052°21´00" s.š.--052°21´00" s.š.)
|
| 260 |
|
|
|a [Amsterdam] :
|b R. & J. Ottens Exc.,
|c [mezi 1701 a 1750]
|
| 300 |
|
|
|a 1 grafický list :
|b mědirytina ;
|c 37,5 x 49 cm na listu 55 x 65 cm
|
| 500 |
|
|
|a Na mědirytinu navazuje téměř shodná mědirytina bez dominantní věže kostela viz Moll-0002.376,2
|
| 500 |
|
|
|a Výzdoba: V levém horním rohu městský znak, pod obrazem název
|
| 510 |
4 |
|
|a Kuchař, K. Mapová sbírka B.P. Molla,
|c s. 271
|
| 546 |
|
|
|a Souběžný latinský a holandský název
|
| 655 |
|
7 |
|a grafické listy
|7 fd132404
|2 czenas
|
| 650 |
0 |
7 |
|a historické budovy
|7 ph120726
|2 czenas
|
| 650 |
0 |
4 |
|a Mollova mapová sbírka
|
| 650 |
0 |
7 |
|a mapové sbírky
|z Česko
|7 ph182407
|2 czenas
|
| 610 |
2 |
7 |
|a Moravská zemská knihovna (Brno, Česko).
|b Mapová sbírka B.P. Molla
|7 mzk2005304487
|2 czenas
|
| 651 |
|
7 |
|a Amsterdam (Nizozemsko)
|7 ge128661
|2 czenas
|
| 700 |
1 |
|
|a Ottens, Josua,
|d 1704-1765
|7 mzk2010586902
|4 aut
|
| 856 |
4 |
1 |
|u http://mapy.mzk.cz/mzk03/001/047/835/2619269564
|y Digitalizovaný dokument
|
| 903 |
|
|
|a RP
|
| 910 |
|
|
|a BOA001
|b Moll-0002.376,1
|
| 978 |
|
|
|b Ottens, Josua
|a Amsterdam
|c 1701-1750
|
| 978 |
|
|
|b Ottens, Rainier
|a Amsterdam
|c 1701-1750
|
| 984 |
|
|
|a Amsterdam
|b Nizozemsko
|
| 985 |
|
|
|a 1701-1750
|
| 990 |
|
|
|a GP
|
| 991 |
|
|
|k mzk
|